Gullliver's Travels : (Record no. 36675)

MARC details
000 -LEADER
fixed length control field 00487nam a22001697a 4500
005 - DATE AND TIME OF LATEST TRANSACTION
control field 20241016145925.0
008 - FIXED-LENGTH DATA ELEMENTS--GENERAL INFORMATION
fixed length control field 241016b |||||||| |||| 00| 0 eng d
020 ## - INTERNATIONAL STANDARD BOOK NUMBER
ISBN 978-0-19-597136-1
082 ## - DEWEY DECIMAL CLASSIFICATION NUMBER
Classification number 820
Item number SWI-G
100 ## - MAIN ENTRY--AUTHOR
Author Name Swift, Jonathan
245 ## - TITLE STATEMENT
Title Gullliver's Travels :
Remainder of title a voyage to Lilliput /
Statement of responsibility, etc. by Jonathan Swift.
260 ## - PUBLICATION, DISTRIBUTION, ETC.
Place of Publication China :
Name of publisher, distributor, etc. Oxford University press ;
Date of publication, distribution, etc. 2005.
300 ## - PHYSICAL DESCRIPTION
Pages 76 p. :
500 ## - GENERAL NOTE
General note Story book.
650 ## - SUBJECT ADDED ENTRY--TOPICAL TERM
Subject / Department Fiction / Literature(Eng)
952 ## - LOCATION AND ITEM INFORMATION (KOHA)
-- 0
-- 0
Holdings
Lost status Damaged status Collection code Permanent Location Current Location Shelving Location Date acquired Full Call Number Accession No./Barcode Date last seen item type Koha item type
    Literature/Urdu/eng/Islamic Superior Information Resource Center (SIRC) Superior University- Central Library Superior Information Resource Center (SIRC) Superior University- Central Library English Literature 10/16/2024 820 SWI-G 2005 29551 02/25/2026 BOOK BOOK

Powered by Koha